000
00172nam a2200073Ia 4500
008
170524s9999 xx 000 0 und d
100
_a
Sharma Seema
245
0
_a
JOURNALISM REPORTING
260
_b
ANMOL PUB.
999
_c
9104
_d
9104